000 00664nam a2200253Ia 4500
001 Z_3764
003 CHAP
008 220113s1983 xx 000 0 und d
010 _a166844
040 _cCHAP
090 _aFolleto 498
100 _aOrcasberro Gómez, Ruy
_9140974
245 _aEvaluación proteíca de los alimentos /
_cpor Ruy Orcasberro Gómez
260 _aChapingo, Méx. :
_bUACH. Departamento de Zootecnia,
_c1983
300 _a56 h.
650 _aAlimentos y alimentación
_9137761
650 _aNutrición animal
_982275
901 _aFOLLETO 498
902 _aM
910 _a1983
942 _cc14
942 _cc14
999 _c166844
_d166844